00337nam a2200133Ia 4500008004100000041000800041082001400049100001400063245004500077250001400122260002700136300003100163365000900194240624s9999 xx 000 0 und d aeng a659.1 BOY aBOYAN LEE aSUCCESSFUL COLD CALL SELLING OVER 100 NE a(2nd ed.) c1989aNew YorkbAMACOM axii, : 275 : p. : cm. ; 22 cb28